01384nam a2200325 a 4500001001500000003000900015005001700024008004100041040002800082041000800110050002300118245010000141246002400241260004000265300001700305500003200322500003400354526000800388590001800396590003500414650004400449650004700493700003500540710005600575710005700631942001200688952016900700952017200869999001701041BD-DhNSU-30953BD-DhNSU20260422163839.0260406s1975 bg ||||g vwg| 000 0|eng d aDLCcBD-DhNSUdBD-DhNSU aeng00aKNG19b.A2D33 197504aThe Dacca law reports :b(a monthly law journal) ,nVol. 27 /cedited by Obaidul Huq Chowdhury.0 aDLR :bVolume XXVII aDhaka :bDacca Law Reports,cc1975. avp ;c25 cm. a"A journal of law reports." aCit. 27 DLR (AD); 27 DLR etc.0 aLaw aNuri Mahajabi aSumaiya Kainat Bintey Kohinoor 0aLaw reports, digests, etc.zBangladesh. 0aLaw reports, digests, etc.zIndiazBengal. aChowdhury, Obaidul Huqeeditor2 aBangladesh.bThe Appellate Division, Supreme Court.2 aEast Pakistan (Pakistan).bHigh Court of Judicature. 2lcccBK 00102lcc40718REFaLCRbLCRcGENd2026-04-05eBM Book TradersfBDTg1350.00hvol-27i086:2026l0oKNG19.A2D33 1975p49191r2026-04-06 12:16:27t2w2026-03-31yBK 00102lcc40718REFaNSULbNSULcREFd2021-01-13eAnupam Gyan BhandarfBDTg750.00hvol-27i268/12l0oKNG19.A2D33 1975p48082r2026-04-22 16:40:02t1w2012-11-06yBK c30953d30953